Principles of communication systems (Record no. 189096)
[ view plain ]
| 000 -LEADER | |
|---|---|
| fixed length control field | 01251 a2200217 4500 |
| 003 - CONTROL NUMBER IDENTIFIER | |
| control field | Nust |
| 005 - DATE AND TIME OF LATEST TRANSACTION | |
| control field | 20221103183521.0 |
| 010 ## - LIBRARY OF CONGRESS CONTROL NUMBER | |
| LC control number | 72109255 |
| 020 ## - INTERNATIONAL STANDARD BOOK NUMBER | |
| International Standard Book Number | 0070629234 |
| 040 ## - CATALOGING SOURCE | |
| Transcribing agency | Nust |
| 082 00 - DEWEY DECIMAL CLASSIFICATION NUMBER | |
| Classification number | 621.38,TAU |
| 100 1# - MAIN ENTRY--PERSONAL NAME | |
| Personal name | Herbert Taub |
| 9 (RLIN) | 102359 |
| 245 10 - TITLE STATEMENT | |
| Title | Principles of communication systems |
| Statement of responsibility, etc. | [by] Herbert Taub [and] Donald L. Schilling. |
| 260 ## - PUBLICATION, DISTRIBUTION, ETC. | |
| Place of publication, distribution, etc. | New York, |
| Name of publisher, distributor, etc. | McGraw-Hill |
| Date of publication, distribution, etc. | [1971] |
| 300 ## - PHYSICAL DESCRIPTION | |
| Extent | xx, 514 p. |
| Other physical details | illus. |
| Dimensions | 23 cm. |
| 490 0# - SERIES STATEMENT | |
| Series statement | McGraw-Hill electrical and electronic engineering series |
| 505 ## - FORMATTED CONTENTS NOTE | |
| Formatted contents note | Spectral Analysis (Page-1), Random Variables and Processes (Page-43), Amplitude Modulation Systems (Page-81), Frequency Modulation Systems (Page-113), Pulse Modulation Systems (Page-157), Pulse Code Modulation (Page-196), Mathematical Representation of Noise (Page-235), Noise in Amplitude Modulation on Systems (Page-268), Noise in Frequency Modulation Systems (Page-295), Threshold in Frequency Modulation (Page-320), Data Transmission (Page-365), Noise in Pulse-Code and Delta Modulation Systems (Page-391), Information Theory and Coding (Page-413), Communication System and Noise Calculations (Page-470). |
| 650 #0 - SUBJECT ADDED ENTRY--TOPICAL TERM | |
| Topical term or geographic name entry element | Telecommunication systems. |
| 9 (RLIN) | 21843 |
| 700 1# - ADDED ENTRY--PERSONAL NAME | |
| Personal name | Schilling, Donald L., |
| 9 (RLIN) | 102360 |
| 942 ## - ADDED ENTRY ELEMENTS (KOHA) | |
| Source of classification or shelving scheme | |
| Koha item type | Book |
| Withdrawn status | Lost status | Source of classification or shelving scheme | Damaged status | Not for loan | Permanent Location | Current Location | Shelving location | Date acquired | Full call number | Barcode | Date last seen | Price effective from | Koha item type | Public note |
|---|---|---|---|---|---|---|---|---|---|---|---|---|---|---|
| Military College of Signals (MCS) | Military College of Signals (MCS) | General Stacks | 12/12/2016 | 621.38,TAU | MCS34841 | 12/08/2016 | 12/12/2016 | Book | Almirah No.30, Shelf No.1 |
